000 01294cad a22002415a 4500
001 E150922
008 100915s2009 xxk f 100 0 eng d
020 _a9781842195192
035 _a(Sirsi) u150922
041 0 _aeng
100 1 _aPlackett, Rosemary
111 2 _aConstruction and Building Research Conference
_cUniversity of Cape Town
_d10-11 September 2009
245 0 0 _aSurveying education and training in the UK
_ba cross profession comparison
_h[electronic resource]
260 _aLondon
_bRICS
_c2009
520 _aPresents the results of a literature review of the history of the RICS qualification process, which is followed by a web-based investigation of the arrangements used by other professions. An interview with a senior RICS training advisor on the findings of this investigation leads to recommendations to the surveying profession as to the future direction that their entry process could follow.
590 _aKA
650 2 4 _aCONSTRUCTION AND BUILDING RESEARCH CONFERENCE (COBRA)
651 4 _aUnited Kingdom
_y
690 _aCAREERS, EDUCATION AND TRAINING-CAREERS IN SURVEYING
700 1 _aHoxley, Mike
856 4 0 _uhttps://www.rics.org/site/scripts/download_info.aspx?fileID=4950&categoryID=524
_zView the item free of charge at www.rics.org
942 _n0
999 _c111026
_d111026